Statistiques concernant Clips du top 50 de l'année 2019

Cliquez ici pour prendre le quiz!

Statistiques générales

  • Ce quiz a été pris 285 fois
  • Le résultat moyen est 6 sur 8

Statistiques - réponses

Réponse% Correct
Angèle - Balance ton quoi
95%
Aya Nakamura - Pookie
93%
PNL - Au DD
85%
Clara Luciani - La Grenade
84%
Vitaa & Slimane - Avant toi
84%
Soprano - À nos héros du quotidien
58%
Gradur - Ne reviens pas
50%
Les Frangines - Donnez-moi
31%

Distribution des résultats

Percentile par nombre de réponses

% des personnes avec chaque résultat

Votre développement - résultats

Vous n’avez pas pris ce quiz